Prueba de España - Estadísticas

Estadísticas generales
  • Esta prueba ha sido intentada 169 veces
  • La puntuación promedio es 6 de 7
Estadísticas de respuestas
Pregunta Respuesta % Correcto
¿Cuál es la capital de España? Madrid
99%
¿Cuál es el deporte nacional de España? fútbol
98%
Nombra un país con el que limita España. Marruecos / Portugal / Francia / Andorra / Reino Unido
97%
en la época 2000-2015, ¿Cuándo ganó España el mundial? dos mil diez / 2010
96%
¿Cuantos millones de personas viven en españa? cuarenta y siete / 47
78%
¿Cuál es el animal nacional de España? Toro
74%
¿Cuántos millones de personas viven en Barcelona? Cinco / 5
69%
No se encontraron pruebas coincidentes
Distribución de puntuación
Porcentaje de gente con cada puntuación
Porcentaje por número respondido
Historial de tus puntuaciones
No has intentado esta prueba.